Peer-e- Kamil (Record no. 65154)
[ view plain ]
| 000 -LEADER | |
|---|---|
| fixed length control field | 00626nam a22001937a 4500 |
| 003 - CONTROL NUMBER IDENTIFIER | |
| control field | NUST - PNEC |
| 005 - DATE AND TIME OF LATEST TRANSACTION | |
| control field | 20170116180907.0 |
| 008 - FIXED-LENGTH DATA ELEMENTS--GENERAL INFORMATION | |
| fixed length control field | 150902b xxu||||| |||| 00| 0 eng d |
| 020 ## - INTERNATIONAL STANDARD BOOK NUMBER | |
| International Standard Book Number | 969008868 |
| 040 ## - CATALOGING SOURCE | |
| Transcribing agency | LIBRARY |
| 082 ## - DEWEY DECIMAL CLASSIFICATION NUMBER | |
| Classification number | 891.4393 UMA |
| 100 ## - MAIN ENTRY--PERSONAL NAME | |
| 9 (RLIN) | 16388 |
| Personal name | Umera Ahmed |
| 245 ## - TITLE STATEMENT | |
| Title | Peer-e- Kamil |
| Statement of responsibility, etc. | Umerah Ahmed |
| 260 ## - PUBLICATION, DISTRIBUTION, ETC. | |
| Date of publication, distribution, etc. | c.2005 |
| Place of publication, distribution, etc. | Lahore: |
| Name of publisher, distributor, etc. | Ferozsons (Pvt.)Ltd., |
| 300 ## - PHYSICAL DESCRIPTION | |
| Extent | 525 pages |
| 650 ## - SUBJECT ADDED ENTRY--TOPICAL TERM | |
| 9 (RLIN) | 6792 |
| Topical term or geographic name entry element | General Book |
| General subdivision | Urdu Literature |
| 856 ## - ELECTRONIC LOCATION AND ACCESS | |
| Uniform Resource Identifier | <a href="http://www.amazon.com/Pir-e-Kamil-S-W-Umaira-Ahmad/dp/9637656359/ref=sr_1_1?s=books&ie=UTF8&qid=1455182362&sr=1-1&keywords=peer+e+kamil">http://www.amazon.com/Pir-e-Kamil-S-W-Umaira-Ahmad/dp/9637656359/ref=sr_1_1?s=books&ie=UTF8&qid=1455182362&sr=1-1&keywords=peer+e+kamil</a> |
| 942 ## - ADDED ENTRY ELEMENTS (KOHA) | |
| Source of classification or shelving scheme | |
| Koha item type | Book |
| Withdrawn status | Lost status | Source of classification or shelving scheme | Damaged status | Not for loan | Permanent Location | Current Location | Shelving location | Date acquired | Total Checkouts | Full call number | Barcode | Date last seen | Price effective from | Koha item type | Materials specified (bound volume or other part) | Source of acquisition | Cost, normal purchase price | Date last checked out | Cost, replacement price |
|---|---|---|---|---|---|---|---|---|---|---|---|---|---|---|---|---|---|---|---|
| Pakistan Navy Engineering College (PNEC) | Pakistan Navy Engineering College (PNEC) | 891.4393 UMA | PNECLIB-031309 | 09/02/2015 | Book | ||||||||||||||
| Pakistan Navy Engineering College (PNEC) | Pakistan Navy Engineering College (PNEC) | 12/14/2015 | 4 | 891.4393 UMA | PNECLIB-032555 | 08/01/2016 | 12/14/2015 | Book | Hardbound | Tawakkal Academy/Library Grant | 595.00 | 08/01/2016 | 595.00 |
